India,Pakistan and the secret Jihad (Record no. 750637)

MARC details
000 -LEADER
fixed length control field 00740nam a2200253Ia 4500
003 - CONTROL NUMBER IDENTIFIER
control field OSt
005 - DATE AND TIME OF LATEST TRANSACTION
control field 20220928113643.0
008 - FIXED-LENGTH DATA ELEMENTS--GENERAL INFORMATION
fixed length control field 220927b |||||||| |||| 00| 0 eng d
037 ## - SOURCE OF ACQUISITION
Terms of availability Textual
040 ## - CATALOGING SOURCE
Original cataloging agency SDCL
Transcribing agency SDCL
Language of cataloging eng
041 ## - LANGUAGE CODE
Source of code eng
Language code of text/sound track or separate title eng
100 ## - MAIN ENTRY--PERSONAL NAME
Personal name Praveen Swami
9 (RLIN) 434288
245 #0 - TITLE STATEMENT
Title India,Pakistan and the secret Jihad
Remainder of title The covert war in Kashmir,1947-2004
260 ## - PUBLICATION, DISTRIBUTION, ETC.
Place of publication, distribution, etc. London
Name of publisher, distributor, etc. Routledge
Date of publication, distribution, etc. 2007
300 ## - PHYSICAL DESCRIPTION
Extent vii,258p
Dimensions cm.
490 ## - SERIES STATEMENT
Series statement Asian security studies
650 ## - SUBJECT ADDED ENTRY--TOPICAL TERM
Topical term or geographic name entry element Politics And Government Kashmir
9 (RLIN) 434289
942 ## - ADDED ENTRY ELEMENTS (KOHA)
Classification part V247:24'P, P7
Koha item type Textual
Source of classification or shelving scheme Colon Classification (CC)
Holdings
Withdrawn status Lost status Damaged status Not for loan Home library Current library Date acquired Total Checkouts Full call number Barcode Date last seen Price effective from Koha item type
        South Campus Library South Campus Library 2022-09-28   V247:24'P P7 SC1307647 2022-09-28 2022-09-28 Textual
Copyright @ Delhi University Library System